000
00264nam a2200109Ia 4500
008
220630s9999 xx 000 0 und d
020
_a
1-59515-991-6
082
_a
J 781.4 ROBE
100
_a
ROBERTSON, MARVIN
_9
156890
245
0
_a
HOW WE MAKE MUSIC
942
_c
BK
_w
561
_x
John Tresidder
_y
561
_z
John Tresidder
999
_c
700250
_d
700249